000 00447nam a2200169Ia 4500
008 131103s9999 xx 000 0 und d
040 _aLoreto College
041 _aEnglish
082 _a973/DAT
_bLCBED/4338
245 _aDates of American history (1497 - 1914)
260 _a[s.l.]
_b[s.n.]
_c[19?]
300 _a220p.
_b ill.
_c 27cm.
650 _aHistory - America
651 _aAmerica - History
850 _aLCBED/973/DAT
942 _cBK
999 _c29028
_d79507